| 000 | 00520nam a22001937a 4500 | ||
|---|---|---|---|
| 003 | OSt | ||
| 005 | 20140310181711.0 | ||
| 008 | 121208t xxu||||| |||| 00| 0 eng d | ||
| 020 | _a9715503284 | ||
| 050 |
_bPS 9993 _a.N163 1999 |
||
| 082 |
_aFIL 899.21 _bN14 1999 |
||
| 245 |
_aWoman Enough and Other Essays _cCarmen Guerrero Nakpil |
||
| 260 |
_aQuezon City _bAteneo de Manila University Press _cc1999 |
||
| 300 |
_axi, 151 p. _c23 cm. |
||
| 521 | _a | ||
| 541 | _j1 | ||
| 562 | _e1 | ||
| 942 |
_2lcc _cBK-FIL _kFIL |
||
| 999 |
_c1573 _d1573 |
||